JToH - Ring 2 Towers by Trivia - Statistics

General Stats
  • This quiz has been taken 124 times
  • The average score is 6 of 12
Answer Stats
Hint Answer % Correct
This is the only permanent tower to give you an item upon completion. Tower of Deep Darkness
73%
This tower was the first tower ever added to have a floor larger than the standard 100x100x100 studs. Tower of Overcoming Hatred
67%
This tower had an original version previously in the game, which is memorialized in a secret area below this tower's portal. Tower of Difficulty Chart
65%
This tower's floor in Citadel of Weird Nostalgia featured a large maze with a killbrick spinner on the floor. Tower of Falling and Failing
64%
This tower was the first ever tower to use buttons. Tower of Traps
56%
This tower's badge description states: "Rage is forever, respawning is 5 seconds." Tower of Eternal Suffering
47%
This is the harder of the two towers that were added to Ring 2 during the Halloween 2021 event. Tower of Big Hole
45%
This tower has 4 hidden "sus buttons" that teleport you outside of the tower once they're all pressed. Citadel of Wacky Strategy
42%
A December 2022 monthly tower was a remake of this tower. It had the acronym ToNH(M). Tower of Cold Hands
41%
There was a monthly challenge where you had to complete this tower while taking under 5 hits of damage from killbricks. Tower of Phone Snapping
36%
A much harder version of this tower was used as a monthly challenge for November 2021. Tower of Shattered Dreams
27%
This tower's original difficulty was three difficulties easier than it currently is, making it the tower with the biggest change in its difficulty. Tower of Table Flipping
24%
No matching quizzes found
Score Distribution
Percent of People with Each Score
Percentile by Number Answered
Your Score History
You have not taken this quiz